| 000 | 01065cam a22002651i 4500 | ||
|---|---|---|---|
| 003 | SA-RiAUC | ||
| 005 | 20250721044814.0 | ||
| 008 | 250721s2005 xxk g bc 000 0 ara c | ||
| 020 | _a1873992955 | ||
| 040 |
_aSA-JeKAU _bara _cSA-RiAUC _erda |
||
| 043 | _af-ng--- | ||
| 082 | 0 | 4 | _a011.31 |
| 090 |
_a011.31 _bم ح م |
||
| 100 | 1 |
_aمحمد، بابا يونس. _eمؤلف. |
|
| 245 | 1 | 0 |
_aفهرس مخطوطات دار الوثائق القومية النيجيرية بكادونا / _cإعداد بابا يونس محمد : حققه و اتم حواشيه جون هنويك. |
| 264 | 1 |
_aلندن : _bمؤسسة الفرقان للتراث الإسلامي، _c1995. |
|
| 300 |
_a2مجلد ؛ _c24 سم. |
||
| 336 |
_aنص _btxt _2rdacontent _3كتاب |
||
| 337 |
_aبدون وسيط _bn _2rdamedia |
||
| 338 |
_aمجلد _bnc _2rdacarrier |
||
| 650 | 7 |
_aالمخطوطات العربية _zنيجيريا _vببليوجرافيات _2aucsh |
|
| 700 | 1 |
_aهنويك، جون، _eمحقق. |
|
| 942 |
_2ddc _cBOOK |
||
| 949 |
_aSA-JeALM _d250721 _ukhaled123 _n1 |
||
| 999 |
_c10154 _d10154 |
||